|
|
|
|
| LEADER |
01183ppm a22002778a 4500 |
| 001 |
00030023 |
| 005 |
20171026081023.0 |
| 008 |
121211s2012 ||||||viesd |
| 041 |
0 |
# |
|a vie
|
| 082 |
1 |
4 |
|a 378.597 89
|b N122C
|
| 100 |
1 |
# |
|a Phạm, Xuân Viễn
|
| 245 |
0 |
0 |
|a Nâng cao chất lượng đội ngũ giảng viên trường Đại học Đồng Tháp
|b Luận văn thạc sĩ quản lý nguồn nhân lực. Chuyên ngành: Quản lý nguồn nhân lực. Mã số: 60.34.50
|c Phạm Xuân Viễn; Đặng Quang Điều (hướng dẫn)
|
| 260 |
# |
# |
|a Hà Nội
|b Đại học công đoàn
|c 2012
|
| 300 |
# |
# |
|a 120 tr.
|c 30cm.
|e 1 CD
|
| 500 |
# |
# |
|a ĐTTTS ghi: Trường Đại học công đoàn
|
| 653 |
# |
# |
|a Giảng viên
|
| 653 |
# |
# |
|a Đại học Đồng Tháp
|
| 653 |
# |
# |
|a Nâng cao chất lượng
|
| 653 |
# |
# |
|a Luận văn
|
| 700 |
1 |
# |
|a Đặng, Quang Điều
|e Hướng dẫn
|
| 852 |
# |
# |
|b Kho đọc SĐH
|j LV.0000256
|
| 852 |
# |
# |
|j LV.0000256
|
| 910 |
|
|
|d 11/12/2012
|
| 980 |
# |
# |
|a Trung tâm Học liệu Lê Vũ Hùng, Trường Đại học Đồng Tháp
|